00000000nam 2200000za 4500
0019.818149
003CaOODSP
00520251010115658
007cr |||||||||||
008160520s2015    xxc|||||o    f|0| 0 eng d
040 |aCaOODSP|beng
043 |an-cn---
0861 |aYM32-2/2011-89-1E-PDF
1001 |aBéchard, Julie.
24510|aImmigration |h[electronic resource] : |bthe Canada–Quebec Accord / |c[by] Julie Béchard.
250 |a[Revised 24 July 2015].
260 |aOttawa : |bLibrary of Parliament, |cc2015.
300 |ai, 6 p. : |btables.
4901 |aBackground paper ; |v2011-89-E
500 |a5 July 2011, revised 24 July 2015.
500 |aIssued also in French under title: Immigration : l'Accord Canada-Québec.
504 |aIncludes bibliographical references.
69207|2gccst|aImmigration
7101 |aCanada. |bParliamentary Information and Research Service.
77508|tImmigration |w(CaOODSP)9.818152
794 |tImmigration : |b[Revised 5 February 2024]|w(CaOODSP)9.956092
795 |tImmigration - the Canada–Quebec accord / |b[Revised 5 July 2011]|w(CaOODSP)9.572690
830#0|aBackground paper ;|v2011-89-E|w(CaOODSP)9.504772
85640|qPDF|s308 KB|uhttps://publications.gc.ca/collections/collection_2016/bdp-lop/bp/YM32-2-2011-89-1-eng.pdf